Equipe Type d'Inazuma Eleven S1 - Statistiques

Statistiques générales
  • Ce quiz a été pris 325 fois
  • Le résultat moyen est 10 sur 16
Statistiques - réponses
Poste Club Réponse % Correct
GK et Capitaine Raimon Mark Evans
99%
MOC Royal Academy Jude Sharp
88%
BU Raimon Axel Blaze
85%
MC Zeus Byron Love
83%
DCD Raimon Nathan Swift
74%
BU Raimon Kevin Dragonfly
70%
DC Raimon Jack Wallside
67%
MG Royal Academy David Samford
61%
MC Raimon Erik Eagle
57%
GK Zeus Paul Siddon
53%
BU Cyber Tech Neil Turner
47%
DCG Kirkwood Malcom Night
44%
MC Occulte Johan Tassman
43%
BU Zeus Jonas Demeterius
42%
DC Zeus Danny Wood
29%
MD Shuriken Sail Bluesea
18%
Aucun quiz correspondant
Distribution des résultats
% des personnes avec chaque résultat
Percentile par nombre de réponses
Votre historique - résultats
Vous n’avez pas pris ce quiz